MOP ´83 29.5.-3.6.1983, Hotel FIM Považská Bystrica : Moderní programování. Díl 1.
Enregistré dans:
| Format: | Livre |
|---|---|
| Langue: | slovaque tchèque |
| Publié: |
Praha :
ČSVTS,
1983
|
| Tags: |
Pas de tags, Soyez le premier à ajouter un tag!
|
MARC
| LEADER | 00000nam a22000003a 4500 | ||
|---|---|---|---|
| 001 | stu265422 | ||
| 005 | 20150408183011.1 | ||
| 008 | 130415s----------------------------slo-d | ||
| 040 | |a STU |b slo | ||
| 041 | 0 | |a slo |a cze | |
| 044 | |a cs | ||
| 245 | |a MOP ´83 29.5.-3.6.1983, Hotel FIM Považská Bystrica : |b Moderní programování. Díl 1. | ||
| 260 | |a Praha : |b ČSVTS, |c 1983 | ||
| 300 | |a 268 s | ||
| 996 | |c I*Z2847 |l I |s A |a 24 |w stu265422_0001 | ||